"Big Five" African Game Animals - Statistics

General Stats
  • This quiz has been taken 47,424 times
  • The average score is 4 of 5
Answer Stats
Animal % Correct
Lion
98%
Elephant
93%
Rhinoceros
80%
Leopard
52%
Cape Buffalo
43%
No matching quizzes found
Score Distribution
Percent of People with Each Score
Percentile by Number Answered
Your Score History
You have not taken this quiz